000 00265nam a2200097Ia 4500
082 _a604.2 SIMM
245 0 _aManual of engineering drawing
100 _a SIMMONS, C H London, 2009 3rd ed
_970066
942 _cBK
008 210817s9999 xx 000 0 und d
999 _c226795
_d226794